| 000 | 00512nam a2200169 a 4500 | ||
|---|---|---|---|
| 005 | 20140513081048.0 | ||
| 008 | 020906s19uu xx 00 eng d | ||
| 020 | _a1-919736-04-2 | ||
| 050 |
_aP 534.2 _bSOU 2000 |
||
| 245 | _aSound. | ||
| 260 |
_aJohannesburg, South Africa : _bThe Chart Studio (Pty) Ltd, _c2000. |
||
| 300 | _aPoster | ||
| 500 | _aSources of sound & etc. | ||
| 520 | _aSound is a form of energy which makes it possible to hear speech, noise and music. | ||
| 650 | _aSound | ||
| 999 |
_c116250 _d116250 |
||